| 000 | 00565nam a22001817a 4500 | ||
|---|---|---|---|
| 999 |
_c11435 _d11435 |
||
| 003 | AR-CdUCM | ||
| 008 | 190404b ||||| |||| 00| 0 spa d | ||
| 040 |
_aMUNICIPALIDAD PROVINCIAL DEL CUSCO _cBIBLIOTECA MUNICIPAL DEL CUSCO |
||
| 082 |
_a801 / W72 _bW72 _22008 |
||
| 110 |
_aUNICEF _99438 |
||
| 245 |
_aLlaqta taki harawi : _bLlaqta runa / |
||
| 260 |
_aCusco : _bUNICEF ; _c2008. |
||
| 300 |
_a33 pÔginas ; _bilustración en color ; _c21 cm. |
||
| 650 |
_aLiteratura infantil _9588 |
||
| 650 |
_aLiteratura quechua _97789 |
||
| 942 |
_2ddc _cLIBROS |
||
| 945 | _adavv | ||